Регионална библиотека "Любен Каравелов" - Русе

Дева (Запис номер 137101)

MARC детайли
000 -Лидер
Контролно поле с фиксирана дължина 01321nam a2200373 c 4500
003 - Код на организацията, давaща контролен номер
Контролно поле BLK
005 - Дата и час на последна редакция
Контролно поле 20180420232859.0
008 - Елементи от данни с фиксирана дължина
fixed length control field 180409b bul|||||r ||||||| ||bul||
010 ## - Наследен системен номер
LC control number KNG00143066000
020 ## - Международен стандартен номер на книга ISBN
Международен стандартен номер на книга ISBN 978-954-340-215-1
-- издат.: New Media Group
040 ## - Източник на каталожния запис
Идентификатор на билиотеката - собственик на записа BLK
041 ## - Код за език
Код за езика на текст/звукозапис или на отделно заглавие Български
Код за езика КДБФ Български
072 #7 - Код за тематичната категория
Код организация bullib
Код за тематична категория Н10
Текст Философия Н
080 ## - УДК
Текстов определител УДК Астрология
УДК код - определител по УДК 133.52
УДК определител
УДК - код + определител 133.52
100 1# - Редна дума - Автор
Автор Мандова - Джована, Ваня
Авторска отговорност първи автор
R(LIN) 297913
139 ## - Редно поле
Редна дума Мандова, Ваня Минчева
Авторски знак Ман - М 25
245 10 - Сведения за заглавието
Заглавие Дева
Подзаглавни данни Хороскоп за всеки ден 2012 г.
Редно поле (дума) * Ваня Минчева Мандова; Ваня Мандова - Джована.
257 ## - Страна на издаване
Страна на създаване/издаване България
260 ## - Област на издателските данни
-- София
Име на издателя, разпространителя и проч. New Media Group
Година на издаване 2011
Печатница Костинброд : Мултипринт
300 ## - Физическа характеристика
Страници 128 с.
Размери/Мащаб 20 см
380 ## - Жанр
Жанр Философия
500 ## - Общи забележки
Забележка Джована - псевд. на Ваня Мандова.
650 #4 - Допълнително описание по предмет – тема
Основно описание – тема или топоним Астрология
9 (RLIN) 147757
653 ## - Ключова дума – ненормативна
Ключова дума астрология
653 ## - Ключова дума – ненормативна
Ключова дума хороскопи
653 ## - Ключова дума – ненормативна
Ключова дума Дева
659 ## - Тематичен бюлетин
Тематичен бюлетин Н
700 1# - Други автори (авторска отговорност)
Лично име Мандова, Ваня Минчева
Автороска отговорност (Описва отношението между автора и произведението) *
9 (RLIN) 297912
852 ## - Местоположение
Форматна сигнатура Цб 259465
856 4# - Електронен адрес и достъп
Електронен формат pdf - файл
Път до файла /url/
856 4# - Електронен адрес и достъп
Електронен формат pdf - файл
Път до файла /url/
942 ## - АРТИКУЛИ
Вид на библиотечния материал Книги
Скрит в OPAC Не
944 ## - СЪЗДАВАНЕ И РЕДАКЦИЯ на ЗАПИСА
Създаване/Редакция Създаване
Дата на регистрацията/редакция 23.05.2013
Служител, извършил регистрацията/редакцията Милена_Ачева
944 ## - СЪЗДАВАНЕ И РЕДАКЦИЯ на ЗАПИСА
Създаване/Редакция Редакция
Дата на регистрацията/редакция 01.10.2013
Служител, извършил регистрацията/редакцията
999 ## - СИСТЕМНИ КОНТРОЛНИ НОМЕРА
Koha biblionumber 137101
Koha biblioitemnumber 137101
Наличности
Код за отписване Код за изгубен артикул Код за повреда Коз за рестрикции Код за отдаване Артикулен № Име на библиотеката - собственик Име на библиотеката, в която се намира в момента Статус (Текущо местоположение) Дата на вписване в системата Местоположение - отдел Цена в лева Инвентарен номер Систематично азбучна сигнатура Баркод Номер на екземпляра Цена в евро Служебна бележка Служебен тип на артикула
  Не е изгубен Не е повреден без рестрикции ползва се в читалня 224227 Регионална библиотека "Любен Каравелов" Русе Регионална библиотека "Любен Каравелов" Русе Хранилище 2013-05-25 Хранилище 6.00 120000766117 Цб 259465 120000766117 1 3.07 Дост: Dp Вид: Д N: 4 Дата: 30.01.2012 Книги
Vip Innovations Ltd, Rousse, Bulgaria 2025